Les états sans armées nationales en 2023 - Statistiques

Statistiques générales
  • Ce quiz a été pris 68 fois
  • Le résultat moyen est 12 sur 21
Statistiques - réponses
Par images Hint Réponse % Correct
Europe Andorre
98%
Europe Islande
88%
Europe Liechtenstein
78%
Amérique Panama
75%
Amérique Costa Rica
70%
Océanie Iles {Marshall}
64%
Océanie Palaos
59%
Océanie Kiribati
58%
Océanie Iles {Cook}
56%
Afrique Maurice
56%
Asie Palestine
56%
Amérique Sainte-Lucie
56%
Amérique Grenade
55%
Amérique Dominique
53%
Océanie Nauru
53%
Amérique Saint-Vincent-et-les-Grenadines
53%
Océanie Samoa
52%
Océanie Vanuatu
47%
Océanie Iles {Salomon}
45%
Océanie Tuvalu
45%
Océanie Niue
30%
Aucun quiz correspondant
Distribution des résultats
% des personnes avec chaque résultat
Percentile par nombre de réponses
Votre historique - résultats
Vous n’avez pas pris ce quiz